000 00426pab a2200157 454500
008 180718b1983 xxu||||| |||| 00| 0 eng d
100 _aRandolph, J.C.
245 _aEnergy policies and biomass resources in the Asia - Pacific region
260 _c1983
300 _a528-36
362 _aNov.-Dec.
650 _aEnergy Resources - Asia
700 _aGary L. Fowler
773 _aPublic Administration Review
909 _a7549
999 _c7549
_d7549